Trudne Flagi Azji - Statystyki

Ogólne statystyki
  • Ten quiz został rozwiązany 106 razy
  • Średni wynik to 13 z 16
Statystyki odpowiedzi
Obrazkowy Hint Odpowiedź % Poprawnych
Nepal
99%
Bangladesz
97%
Laos
96%
Irak
93%
Syria
93%
Azerbejdżan
90%
Brunei
88%
Jordania
88%
SIngapur
85%
Tajwan
84%
Jemen
82%
Mjanma
81%
Oman
79%
Bahrajn
75%
Tadżykistan
74%
Ten region to Abchazja Gruzja
28%
Nie znaleziono quizów pasujących do podanych kryteriów
Rozkład punktacji
Procent ludzi z każdym wynikiem
Percentyl według liczby udzielonych odpowiedzi
Twoja historia wyników
Nie rozwiązałeś tego quizu